00229nam a2200085Ia 4500008004100000082001300041245002900054260004900083300001100132230907s9999||||xx |||||||||||||| ||und|| a500bKRU 0aGreat myth conceptions / aHarper Collins Publishers,bNew York :c2004 a209 p.